| 000 | 01123cam a2200289 4500 | ||
|---|---|---|---|
| 008 | 011116n2001 000 0 eng u | ||
| 020 | _a0421764104 | ||
| 035 | _a(Sirsi) u115619 | ||
| 050 | _a346.4104342 | ||
| 100 | _aWebber, G. | ||
| 245 | _aResidential possession proceedings | ||
| 250 | _a6th ed. | ||
| 260 |
_aLondon _bSweet & Maxwell _c2001 |
||
| 300 | _alxvi,574p. $2 4cm. | ||
| 350 | _a85.00 | ||
| 520 | _aA new edition of this guide for landlords, licensor and mortgagees to recovering possession of a property featuring new or revised chapters on: standard procedure; accelerated possession; enforcement, suspension and setting aside; trespassers; and evidence. | ||
| 520 | _aSuperceded by 7th ed. (ISBN 0421918802). | ||
| 650 | _aLICENCES | ||
| 650 | _aMORTGAGES | ||
| 650 | _aPOSSESSION | ||
| 650 | _aPOSSESSION PROCEEDINGS | ||
| 650 | _aREPOSSESSION | ||
| 650 | _aPROPERTY-RESIDENTIAL PROPERTY-RESIDENTIAL LANDLORD AND TENANT-RESIDENTIAL TENANCIES | ||
| 690 | _aPROPERTY-RESIDENTIAL PROPERTY-RESIDENTIAL LANDLORD AND TENANT-RESIDENTIAL TENANCIES | ||
| 700 | _aDovar, D. | ||
| 942 | _n0 | ||
| 999 |
_c101775 _d101775 |
||